[Event "Wch U18 Girls"]
[Site "Khanty-Mansiysk"]
[Date "2016.10.01"]
[Round "9"]
[White "Bandara, TBSH"]
[Black "Tao, Rachel Long Xin"]
[Result "1-0"]
[WhiteElo "1543"]
[BlackElo "1649"]
[PlyCount "61"]
[EventDate "2016.09.22"]
[EventType "swiss"]
[EventRounds "11"]
[EventCountry "RUS"]
[SourceTitle "EXT 2017"]
[Source "ChessBase"]
[SourceDate "2016.10.25"]
[SourceVersion "1"]
[SourceVersionDate "2016.10.25"]
[SourceQuality "1"]

1. e4 c5 2. Nc3 Nc6 3. f4 e6 4. Nf3 g6 5. d3 d6 6. g3 Bg7 7. Bg2 Nge7 8. 0-0 0-0 9. Ne2 Rb8 10. a4 a6 11. c3 Qc7 12. Be3 b5 13. axb5 axb5 14. Qc2 b4 15. h3 Bd7 16. g4 f5 17. Ng3 Rb6 18. gxf5 exf5 19. h4 bxc3 20. bxc3 Rfb8 21. Rfb1 Rxb1+ 22. Rxb1 Rxb1+ 23. Qxb1 Bxc3 24. Qb3+ Kg7 25. Qxc3+ Kg8 26. Qc4+ Kg7 27. Ng5 Nd8 28. Bd4+ Kf8 29. Nxh7+ Ke8 30. exf5 gxf5 31. Nh5 1-0